00714nam a2200241 a 4500001001300000003000900013005001700022008004100039020001000080082001700090100002100107245005000128260004100178300001000219500003500229505001000264650003000274700002100304902000800325942000700333952011700340999001500457nice12345678IN_TiNIC20260116011511.0050524s1967 beia grd 000 0 ara  ac10000a423.927bBAA aBa`albaki, Munir aAl-Mawrid- a Modern English-Arabic Dictionary aBeirutbDar El-Ilm Lil-Malayenc1967 a1090p aincludes index and biblioraphy2 aindex aDictionary-English Arabic1 aBa`albaki, Munir bRHR cBK 001040708ReferHall-aHMIbHMId2007-06-06g100.00l0o423.927 BAAp03687r2007-06-06v100.00w2005-05-24yBK c2074d2074